Normal view
MARC view
- Cognitive radio networks
Entry Topical Term
001 - CONTROL NUMBER
- control field: 37226
003 - CONTROL NUMBER IDENTIFIER
- control field: OSt
005 - DATE AND TIME OF LATEST TRANSACTION
- control field: 20150118124348.0
008 - FIXED-LENGTH DATA ELEMENTS
- fixed length control field: 150118|| aca||babn | a|a d
040 ## - CATALOGING SOURCE
- Original cataloging agency: OSt
150 ## - HEADING--TOPICAL TERM
- Topical term or geographic name as entry element: Cognitive radio networks
450 ## - SEE FROM TRACING--TOPICAL TERM
- Topical term or geographic name entry element: Ad hoc cognitive networks (Wireless communication systems)
450 ## - SEE FROM TRACING--TOPICAL TERM
- Topical term or geographic name entry element: Cognitive networks (Wireless communication systems)
550 ## - SEE ALSO FROM TRACING--TOPICAL TERM
- Topical term or geographic name entry element: Ad hoc networks (Computer networks)
550 ## - SEE ALSO FROM TRACING--TOPICAL TERM
- Topical term or geographic name entry element: Self-organizing systems